Stuck in the Middle with 'U' Quiz Stats

 Plays Quiz Updated May 29, 2013

Score 0/26 Timer 04:00
22 Plays Today
% Correct
Caribbean island nationCUBA
97.1%
Exclamation of painOUCH
90.3%
PurchasesBUYS
89.8%
Two partsDUAL
89.6%
Person, place or thingNOUN
87.4%
Canal in EgyptSUEZ
85.8%
Quiet downHUSH
83%
Legal decider of fateJURY
79.6%
Lightyear of Star CommandBUZZ
76.6%
Bunch of something (e.g. hair)TUFT
75.5%
'Barbie Girl' bandAQUA
74.2%
A single unfertilized eggOVUM
73.5%
Canonical gospelLUKE
72.5%
% Correct
Completely silentMUTE
72.3%
Propelled through waterSWUM
71.5%
Stephen King's killer dogCUJO
71%
DestroyRUIN
69.9%
First member to leave the AvengersHULK
64%
2011 Scorsese filmHUGO
62%
Persistently avoidSHUN
61%
Sean Astin football filmRUDY
55.3%
Artistic compositionOPUS
45.2%
1994 film's title characterGUMP
37.8%
Treasure or puzzle, e.g.HUNT
33.8%
Pixar lampLUXO (jr.)
23.4%
The capital of GreenlandNUUK
13.9%

You're not logged in!

Compare scores with friends on all Sporcle quizzes.
OR
Log In

Sporcle TV

Today on Sporcle TV


Watch our educational content, quiz creation guides, and fun videos on Sporcle TV.

Show Comments

Extras

Top Quizzes Today


Score Distribution

Your Account Isn't Verified!

In order to create a playlist on Sporcle, you need to verify the email address you used during registration. Go to your Sporcle Settings to finish the process.

Report this User

Report this user for behavior that violates our Community Guidelines.

Details: